000 00524cam a22002171 4500
001 sa 65000233
003 DLC
005 20260227112101.0
008 931108s1963 ii 000 0 tamr
010 _asa 65000233
035 _a(OCoLC)29265679
040 _aDLC
_cNRU
_dDLC
042 _apremarc
050 0 0 _aDS481.G3
_bS28
100 1 _aSankaran, S.,
_d1926-
245 1 0 _aKāṅtiji kataikaḷ.
260 _c[1963]
300 _a64 p.
_c18 cm.
500 _aIn Tamil.
600 1 0 _aGandhi,
_cMahatma,
_d1869-1948.
999 _c61450
_d61450